| 000 | 00869nam a22002777a 4500 | ||
|---|---|---|---|
| 001 | 9799 | ||
| 003 | FISKH | ||
| 005 | 20260226082839.0 | ||
| 008 | 260226b cb ||||| |||| 00| 0 eng d | ||
| 020 | _a0307113205 | ||
| 040 |
_aFISKH _beng _cFISKH _dFISKH |
||
| 050 | _aQL676.2 .P326 | ||
| 082 | _a598 | ||
| 100 |
_aPackard, Mary _eAuthor |
||
| 245 |
_aI wonder how parrots can talk : _band other neat facts about birds / _cBy Mary Packard ; illustrated by Robin Brickman |
||
| 260 |
_aNew York : _bA Golden Book , _c1992 |
||
| 300 |
_a32 pages : _bcolor illustrations ; _c23 cm |
||
| 505 | _aJ | ||
| 520 | _aAmazing but true facts about the wide variety of birds. | ||
| 521 | 8 |
_a500
_bLexile estimate |
|
| 521 | 8 |
_aJ
_bRaz-Plus |
|
| 650 |
_aWorld of nature _vBirds |
||
| 700 |
_aBrickman, Robin _eIllustrator |
||
| 942 |
_2ddc _cBK _n0 |
||
| 999 |
_c9799 _d9799 |
||